<?xml version="1.0" encoding="UTF-8"?>
<record
    xmlns:xsi="http://www.w3.org/2001/XMLSchema-instance"
    xsi:schemaLocation="http://www.loc.gov/MARC21/slim http://www.loc.gov/standards/marcxml/schema/MARC21slim.xsd"
    xmlns="http://www.loc.gov/MARC21/slim">

  <leader>03971nam a2200433 a 4500</leader>
  <controlfield tag="001">00013303</controlfield>
  <controlfield tag="003">WSP</controlfield>
  <controlfield tag="005">20260416153412.0</controlfield>
  <controlfield tag="007">cr |nu|||unuuu</controlfield>
  <controlfield tag="008">230323s2023    si      o     000 0 eng d</controlfield>
  <datafield tag="010" ind1=" " ind2=" ">
    <subfield code="a">2023930091</subfield>
  </datafield>
  <datafield tag="020" ind1=" " ind2=" ">
    <subfield code="a">9789811272158</subfield>
    <subfield code="q">(ebook)</subfield>
  </datafield>
  <datafield tag="020" ind1=" " ind2=" ">
    <subfield code="a">9811272158</subfield>
    <subfield code="q">(ebook)</subfield>
  </datafield>
  <datafield tag="020" ind1=" " ind2=" ">
    <subfield code="z">9789811272141</subfield>
    <subfield code="q">(hbk.)</subfield>
  </datafield>
  <datafield tag="020" ind1=" " ind2=" ">
    <subfield code="z">981127214X</subfield>
    <subfield code="q">(hbk.)</subfield>
  </datafield>
  <datafield tag="040" ind1=" " ind2=" ">
    <subfield code="a">WSPC</subfield>
    <subfield code="b">eng</subfield>
    <subfield code="c">WSPC</subfield>
  </datafield>
  <datafield tag="050" ind1="0" ind2="0">
    <subfield code="a">QC20.7</subfield>
  </datafield>
  <datafield tag="072" ind1=" " ind2="7">
    <subfield code="a">SCI</subfield>
    <subfield code="x">040000</subfield>
    <subfield code="2">bisacsh</subfield>
  </datafield>
  <datafield tag="072" ind1=" " ind2="7">
    <subfield code="a">SCI</subfield>
    <subfield code="x">077000</subfield>
    <subfield code="2">bisacsh</subfield>
  </datafield>
  <datafield tag="082" ind1="0" ind2="4">
    <subfield code="a">530.144</subfield>
  </datafield>
  <datafield tag="049" ind1=" " ind2=" ">
    <subfield code="a">MAIN</subfield>
  </datafield>
  <datafield tag="245" ind1="0" ind2="0">
    <subfield code="a">Density functionals for many-particle systems :</subfield>
    <subfield code="b">mathematical theory and physical applications of effective equations  /</subfield>
    <subfield code="c">Berthold-Georg Englert, Heinz Siedentop, Martin-Isbj&#xF6;rn Trappe.</subfield>
  </datafield>
  <datafield tag="260" ind1=" " ind2=" ">
    <subfield code="a">Singapore :</subfield>
    <subfield code="b">World Scientific,</subfield>
    <subfield code="c">2023.</subfield>
  </datafield>
  <datafield tag="300" ind1=" " ind2=" ">
    <subfield code="a">1 online resource (396 p.).</subfield>
  </datafield>
  <datafield tag="490" ind1="1" ind2=" ">
    <subfield code="a">Lecture Notes Series, Institute For Mathematical Sciences, National University Of Singapore ;</subfield>
    <subfield code="v">v.41</subfield>
  </datafield>
  <datafield tag="505" ind1="0" ind2=" ">
    <subfield code="a">Mathematical elements of density functional theory / Heinz Siedentop -- A statistical theory of heavy atoms: energy and excess charge / Hongshuo Chen, Rupert L Frank, and Heinz Siedentop -- Relativistic strong Scott conjecture: a short proof / Rupert L Frank, Konstantin Merz, and Heinz Siedentop -- Direct methods to Lieb-Thirring kinetic inequalities / Phan Th&#xE0;nh Nam -- Dynamics of interacting bosons: a compact review / Marcin Napi&#xF3;rkowski -- Corrections to the mean-field description for the dynamics of Bose gases / Peter Pickl -- Semiclassics: the hidden theory behind the success of DFT / Pavel Okun and Kieron Burke -- Density-potential functional theory for fermions in one dimension / Martin-Isbj&#xF6;rn Trappe, Jun Hao Hue, and Berthold-George Englert -- Remarks on the density functional theory of relativistic many-particle systems / Reiner M Dreizler -- Energy functionals of single-particle densities: a unifled view / Berthold-Georg Englert, Jun Hao Hue, Zi Chao Huang, Miko&#x142;aj M Paraniak, and Martin-Isbj&#xF6;rn Trappe -- Spin-density functional theory through spin-free wave functions / Mel Levy, Federico Zahariev, and Mark S Gordon -- Advances in rectangular collocation for solution of the Schr&#xF6;dinger equation: from obviating integrals to machine learning / Sergei Manzhos and Tucker Carrington -- FLEIM: a stable, accurate and robust extrapolation method at infinity for computing the ground state of electronic Hamiltonian / &#xC9;tienne Polack, Yvon Maday, and Andreas Savin.</subfield>
  </datafield>
  <datafield tag="520" ind1=" " ind2=" ">
    <subfield code="a">"Density Functional Theory (DFT) first established it's theoretical footing in the 1960s from the framework of Hohenberg-Kohn theorems. DFT has since seen much development in evaluation techniques as well as application in solving problems in Physics, Mathematics and Chemistry. This review volume, part of the IMS Lecture Notes Series, is a collection of contributions from the September 2019 Workshop on the topic, held in the Institute for Mathematical Sciences, National University of Singapore. With contributions from prominent Mathematicians, Physicists, and Chemists, the volume is a blend of comprehensive review articles on the Mathematical and the Physicochemical aspects of DFT and shorter contributions on particular themes, including numerical implementations. The book will be a useful reference for advanced undergraduate and postgraduate students as well as researchers."--</subfield>
    <subfield code="c">Publisher's website.</subfield>
  </datafield>
  <datafield tag="538" ind1=" " ind2=" ">
    <subfield code="a">Mode of access: World Wide Web.</subfield>
  </datafield>
  <datafield tag="538" ind1=" " ind2=" ">
    <subfield code="a">System requirements: Adobe Acrobat reader.</subfield>
  </datafield>
  <datafield tag="650" ind1=" " ind2="0">
    <subfield code="a">Density functionals.</subfield>
  </datafield>
  <datafield tag="650" ind1=" " ind2="0">
    <subfield code="a">Many-body problem.</subfield>
  </datafield>
  <datafield tag="655" ind1=" " ind2="0">
    <subfield code="a">Electronic books.</subfield>
  </datafield>
  <datafield tag="700" ind1="1" ind2=" ">
    <subfield code="a">Englert, Berthold-Georg,</subfield>
    <subfield code="d">1953-</subfield>
  </datafield>
  <datafield tag="700" ind1="1" ind2=" ">
    <subfield code="a">Siedentop, Heinz Karl Heinrich.</subfield>
  </datafield>
  <datafield tag="700" ind1="1" ind2=" ">
    <subfield code="a">Trappe, Martin-isbjorn.</subfield>
  </datafield>
  <datafield tag="830" ind1=" " ind2="0">
    <subfield code="a">Lecture Notes Series, Institute For Mathematical Sciences, National University Of Singapore.</subfield>
  </datafield>
  <datafield tag="856" ind1="4" ind2="0">
    <subfield code="u">https://www.worldscientific.com/worldscibooks/10.1142/13303#t=toc</subfield>
  </datafield>
  <datafield tag="942" ind1=" " ind2=" ">
    <subfield code="c">E-BOOK</subfield>
  </datafield>
  <datafield tag="999" ind1=" " ind2=" ">
    <subfield code="c">49758</subfield>
    <subfield code="d">49758</subfield>
  </datafield>
  <datafield tag="952" ind1=" " ind2=" ">
    <subfield code="0">0</subfield>
    <subfield code="1">0</subfield>
    <subfield code="2">ddc</subfield>
    <subfield code="4">0</subfield>
    <subfield code="7">0</subfield>
    <subfield code="a">CUTN</subfield>
    <subfield code="b">CUTN</subfield>
    <subfield code="d">2026-04-16</subfield>
    <subfield code="l">0</subfield>
    <subfield code="o">530.144</subfield>
    <subfield code="p">EB04950</subfield>
    <subfield code="r">2026-04-16 15:43:00</subfield>
    <subfield code="u">https://doi.org/10.1142/13303</subfield>
    <subfield code="w">2026-04-16</subfield>
    <subfield code="y">E-BOOK</subfield>
  </datafield>
</record>
